00654cam a22002291 4500001001300000003000400013005001700017008004100034010001700075035002000092040001800112043001200130050001800142100004100160245004000201260001100241300004000252500001600292650005900308650004000367999001700407sa 65002014 DLC20260227112113.0890718s1958 ii ch 000 0 beno  asa 65002014  a(OCoLC)20029597 aDLCcWaUdDLC aa-ii---00aPN1009.B4bM51 aMitra, Khagendranātha,d1896-1978.10aŚatābdīra śiśu-sāhitya. c[1958] a9, 248 p.bfacsims., ports.c23 cm. aIn Bengali. 0aChildren's literature, BengalixHistory and criticism. 0aChildrenxBooks and readingzIndia. c62382d62382